000 00592nam a2200181Ia 4500
008 151202s9999||||xx |||||||||||||| ||und||
082 _bPNVM-42513
100 _aअनुभवी तज्ञ.
245 _a"भागवत सुलभ -भा.3(7,8,9)."
260 _bरघुनाथ यंदे.
260 _c1964
300 _a309
600 _aअनुभवी तज्ञ.
630 _a"भागवत सुलभ -भा.3(7,8,9)."
700 _aअनुभवी तज्ञ.
730 _a"भागवत सुलभ -भा.3(7,8,9)."
942 _cBOOK
999 _c1308465
_d1308462